| 000 | 01038nac a22002771i 4500 | ||
|---|---|---|---|
| 003 | EG-ScBUE | ||
| 005 | 20231116125932.0 | ||
| 008 | 100811s1963 ua a f 0001 0 ara d | ||
| 017 | _a1994 / 3906 | ||
| 020 | _a9770512710 | ||
| 040 |
_aEG-ScBUE _bara _erda _cEG-ScBUE _dEG-ScBUE |
||
| 082 | 0 | 4 |
_a932.01 _bف خ ر _222 |
| 100 | 1 |
_aفخري، أحمد، _d1905-1973، _eمؤلف، _eمترجم. _917422 |
|
| 245 | 1 | 2 |
_aالأهرامات المصرية / _cتأليف وترجمة الدكتور أحمد فخري. |
| 264 | 1 |
_aالقاهرة : _bمكتبة الأنجلو المصرية، _c1963. |
|
| 300 |
_a384 صفحة : _bإيضاحيات ؛ _c24 سم |
||
| 336 |
_2rdacontent _aنص _btxt |
||
| 337 |
_aبدون وسيط _2rdamedia _bn |
||
| 338 |
_aمجلد _bnc _2rdacarrier |
||
| 500 | _aيشتمل على كشافات. | ||
| 650 | 7 |
_aالأهرام (آثار). _2BUEsh _917424 |
|
| 650 | 7 |
_aالآثار الفرعونية. _2BUEsh _917425 |
|
| 651 | 7 |
_aمصر _xالآثار. _2BUEsh |
|
| 655 | _vReading book | ||
| 942 |
_cBB _2ddc |
||
| 999 |
_c7440 _d7440 |
||